|
|
|
|
| LEADER |
00000cam a22000002cc4500 |
| 001 |
139884386 |
| 003 |
DE-627 |
| 005 |
20240502134553.0 |
| 007 |
tu |
| 008 |
940306s1790 xx ||||| 00| ||ger c |
| 035 |
|
|
|a (DE-627)139884386
|
| 035 |
|
|
|a (DE-576)9139884384
|
| 035 |
|
|
|a (DE-599)GBV139884386
|
| 035 |
|
|
|a (OCoLC)832238860
|
| 040 |
|
|
|a DE-627
|b ger
|c DE-627
|e rakwb
|
| 041 |
|
|
|a ger
|
| 044 |
|
|
|c XA-DXDE
|
| 084 |
|
|
|a 1
|2 ssgn
|
| 100 |
1 |
|
|0 (DE-588)119462761
|0 (DE-627)134667530
|0 (DE-576)212631322
|4 aut
|a Schelhorn, Johann Georg
|d 1694-1773
|
| 109 |
|
|
|a Schellhorn, Johann Georg 1694-1773
|a Schelhornivs, Ioannes Georgivs 1694-1773
|a Schelhornius, Jo. Georgius 1694-1773
|a Schelhornius, Johannes Georgius 1694-1773
|a Schelhorn, Johannes Georg 1694-1773
|a Schelhornius, Joannes Georgius 1694-1773
|a J. G. S. 1694-1773
|a Schelhornius, Ioannes Georgius 1694-1773
|a Schelhorn, Johann Georg 1694-1773
|a J.G.S. 1694-1773
|a Schelhornivs, Io. Georgivs 1694-1773
|a Schelhorn, J.G. 1694-1773
|a Schelhorn, J. G. 1694-1773
|a Schelhorn, Johannes Georgius 1694-1773
|a S., J. G. 1694-1773
|a S., J.G. 1694-1773
|
| 245 |
1 |
0 |
|a J. G. Schelhorns ... Kleine historische Schriften
|n Th. 2
|
| 246 |
3 |
3 |
|a Kleine historische Schriften
|
| 264 |
|
1 |
|a Memmingen
|b Seyler
|c 1790
|
| 300 |
|
|
|a VI, 260 S.
|c 8°
|
| 336 |
|
|
|a Text
|b txt
|2 rdacontent
|
| 337 |
|
|
|a ohne Hilfsmittel zu benutzen
|b n
|2 rdamedia
|
| 338 |
|
|
|a Band
|b nc
|2 rdacarrier
|
| 601 |
|
|
|a Schrift
|
| 751 |
|
|
|a Memmingen
|0 (DE-588)4038586-3
|0 (DE-627)10623160X
|0 (DE-576)209030941
|4 pup
|
| 773 |
1 |
8 |
|a J. G. Schelhorns ... kleine historische Schriften
|w (DE-627)139884343
|w (DE-576)9139884341
|g Th. 2
|q 2.1790
|7 nnam
|
| 935 |
|
|
|a RFBW
|a mteo
|
| 951 |
|
|
|a MV
|
| ELC |
|
|
|b 1
|
| LOK |
|
|
|0 000 xxxxxcx a22 zn 4500
|
| LOK |
|
|
|0 001 4489308167
|
| LOK |
|
|
|0 003 DE-627
|
| LOK |
|
|
|0 004 139884386
|
| LOK |
|
|
|0 005 20240502133123
|
| LOK |
|
|
|0 008 240221||||||||||||||||ger|||||||
|
| LOK |
|
|
|0 040
|a DE-Tue135
|c DE-627
|d DE-Tue135
|
| LOK |
|
|
|0 092
|o n
|
| LOK |
|
|
|0 852
|a DE-Tue135
|
| LOK |
|
|
|0 852 1
|9 00
|
| LOK |
|
|
|0 866
|x SPQUE#Reformationsgeschichtliche Forschungsbibliothek Wittenberg#SPSAM#Predigerseminar#SPUSM#Sammlung Heubner
|
| LOK |
|
|
|0 935
|a RFBW
|a bips
|a pssh
|
| LOK |
|
|
|0 939
|a 21-02-24
|b l01
|
| ORI |
|
|
|a SA-MARC-ixtheoa001.raw
|